000 00755nam a2200193 a 4500
001 000004331
005 20200929151426.0
008 090721s1997 dr 001 0 spa d
020 _a848953814x
040 _aDO-SdBNP
_bspa
_cBNPHU
082 _axxx
_bI62
245 0 0 _aInvestigaciones y políticas para el desarrollo sostenible en República Dominicana :
_bprograma medio ambiente y desarrollo sostenible /
_cVíctor Eddy Ruíz B., Priscila Peña, Daniéle Perrot-Maitre editores.
260 _aSanto Domingo :
_bFondo Pro Naturaleza (PRONATURA),
_c1997.
300 _a166 p. ;
_c22 cm.
500 _aIncluye índice
700 1 _aRuíz B., Víctor Eddy,
_eed.
_912774
700 1 _aPeña, Priscila,
_eed.
_912775
700 1 _aPerrot-Maitre, Daniele,
_912776
999 _c4140
_d4140